| 000 | 00687cab a2200253 4500 | ||
|---|---|---|---|
| 001 | X1593 | ||
| 008 | 090401t1994 xxu||||| |||| 00| 0 eng d | ||
| 035 | _a(Sirsi) u17950 | ||
| 041 | _aeng | ||
| 100 | _aBone, S. | ||
| 245 | _aMarket overt- `closed all hours`? | ||
| 260 | _c1994 | ||
| 350 | _a0 | ||
| 490 |
_aNew Law Journal _v144(6657) 22 July 1994, 1014(1) |
||
| 650 | _aCOMMAND PAPER 2958 | ||
| 650 | _aLAW REFORM COMMITTEETWELFTH REPORT 1966 | ||
| 650 | _aMARKET OVERT | ||
| 650 | _aREID V COMMISSIONER OF POLICE OF THE METROPOLIS AND ANOTHER | ||
| 650 | _aSALE OF GOODS ACT 1979 | ||
| 690 | _aLAW | ||
| 700 | _aRutherford, L. | ||
| 942 | _n0 | ||
| 948 | _c04/03/1997 | ||
| 999 |
_c11904 _d11904 |
||